000 00333 a2200157 4500
001 150836
040 _cEscola São Tomás de Aquino
100 _aPÓVOA, Liberato
240 1 0 _aO senhor do tempo
_lpor
245 1 0 _aO senhor do tempo
300 _a56
362 0 _a1997
440 1 _a
697 _aPsicologia
942 _cBK
999 _c150836
_d150836